| Tag |
First Indicator |
Second Indicator |
Subfields |
| LEADER |
00000cam a2200000 4500 |
| 001 |
in00000070739 |
| 005 |
20151008061901.0 |
| 008 |
730731s1948 nyua b 00010 eng |
| 010 |
|
|
|a 48009579
|
| 035 |
|
|
|a (OCoLC)00666157
|
| 035 |
|
|
|9 AAJ9054AM
|
| 040 |
|
|
|a DLC
|c WSU
|d OCL
|d m.c.
|d TXA
|d UtOrBLW
|
| 049 |
|
|
|a TXAM
|c 1 [163496], 2 [368530], 3 [1501339]
|
| 050 |
0 |
0 |
|a Q151
|b C65
|
| 082 |
0 |
|
|a 508.2
|
| 100 |
1 |
|
|a Cohen, Morris Raphael,
|d 1880-1947.
|
| 245 |
1 |
2 |
|a A source book in Greek science /
|c by Morris R. Cohen and I. E. Drabkin.
|
| 250 |
|
|
|a 1st ed.
|
| 264 |
|
1 |
|a New York :
|b McGraw-Hill Book Co.,
|c 1948.
|
| 300 |
|
|
|a xxi, 579 pages :
|b illustrations ;
|c 24 cm.
|
| 336 |
|
|
|a text
|b txt
|2 rdacontent
|
| 337 |
|
|
|a unmediated
|b n
|2 rdamedia
|
| 338 |
|
|
|a volume
|b nc
|2 rdacarrier
|
| 490 |
1 |
|
|a Source books in the history of the sciences
|
| 504 |
|
|
|a "Some important books on Greek science": pages 559-568.
|
| 650 |
|
0 |
|a Science
|v Early works to 1800.
|
| 650 |
|
0 |
|a Science.
|
| 700 |
1 |
|
|a Drabkin, I. E.
|q (Israel Edward),
|d 1905-1965.
|
| 830 |
|
0 |
|a Source books in the history of the sciences.
|
| 999 |
|
|
|a MARS
|
| 999 |
f |
f |
|s d72986e6-9c9d-34d0-894a-c476dd2afd25
|i e055e746-7201-3e95-89a9-1eb19991c97a
|t 0
|
| 952 |
f |
f |
|p ric
|a Texas A&M University
|b Rellis Campus
|c Joint Library Facility
|s JLF
|d Remote Storage
|t 0
|e Q151 C65
|h Library of Congress classification
|i unmediated -- volume
|m A14804397121
|
| 998 |
f |
f |
|a Q151 C65
|t 0
|l Remote Storage
|